[Event "Regionalliga SO 1617"]
[Site "Bayern"]
[Date "2016.11.20"]
[Round "2.8"]
[White "Huber, Reiner"]
[Black "Gosebrink, Ralf"]
[Result "0-1"]
[WhiteElo "1474"]
[BlackElo "2015"]
[PlyCount "146"]
[EventDate "2016.10.16"]
[EventType "team-tourn"]
[EventRounds "9"]
[EventCountry "GER"]
[SourceTitle "EXT 2019"]
[Source "ChessBase"]
[SourceDate "2018.10.10"]
[SourceVersion "1"]
[SourceVersionDate "2018.10.10"]
[SourceQuality "1"]
[WhiteTeam "Landshut"]
[BlackTeam "Germering"]
[WhiteTeamCountry "GER"]
[BlackTeamCountry "GER"]

1. e4 c5 2. Nc3 Nc6 3. g3 g6 4. Bg2 Bg7 5. d3 d6 6. f4 e6 7. Nf3 Nge7 8. 0-0 0-0 9. Be3 Nd4 10. Bf2 Nec6 11. e5 dxe5 12. fxe5 Nxf3+ 13. Bxf3 Nd4 14. Bg2 Bxe5 15. Ne4 Nc6 16. Nxc5 Qc7 17. c3 b6 18. d4 Bg7 19. Qf3 bxc5 20. Qxc6 Qxc6 21. Bxc6 Rb8 22. b3 cxd4 23. Bxd4 Bxd4+ 24. cxd4 Bb7 25. Rac1 Rfd8 26. Rfd1 Bxc6 27. Rxc6 Rb7 28. Rc4 Rbd7 29. Kf2 e5 30. Ke3 Rd5 31. b4 f5 32. a4 R8d7 33. b5 Kf7 34. Rb4 Rc7 35. Rd2 Re7 36. Kd3 Rd6 37. a5 Ke6 38. b6 axb6 39. axb6 Rb7 40. Ke3 Rdxb6 41. Rxb6+ Rxb6 42. dxe5 Kxe5 43. Rd3 g5 44. h3 Rh6 45. Ra3 Rxh3 46. Ra5+ Kf6 47. Ra6+ Kg7 48. Kf3 Rh1 49. Kg2 Re1 50. Ra5 Kf6 51. Kf2 Re6 52. Kf3 Rb6 53. Ra3 h5 54. Rd3 Rb4 55. Rc3 h4 56. gxh4 Rxh4 57. Rc6+ Kg7 58. Rc7+ Kg6 59. Rc6+ Kh5 60. Rc8 Rh3+ 61. Kg2 Ra3 62. Rc4 f4 63. Rc2 Kg4 64. Rf2 f3+ 65. Kh2 Re3 66. Kg1 Re1+ 67. Kh2 Re2 68. Kg1 Rxf2 69. Kxf2 Kf4 70. Kf1 Ke3 71. Ke1 f2+ 72. Kf1 g4 73. Kg2 Ke2 0-1